000 00917nam a2200265 i 4500
001 184696
003 ES-MaACL
005 20240416110310.0
008 151113s2015 sp acf |||| |dspa d
020 _a978-84-943156-8-8
080 _a821.134.2-14"19"
100 0 _aCavero, Soledad,
_d1936-
_937182
245 1 0 _aÁrbol de la memoria
_b: muestra antológica, 1980-2014 /
_cSoledad Cavero.
250 _a1ª ed.
260 _aMadrid :
_bHuerga y Fierro,
_c2015.
300 _a360 p. :
_bil., fot. ;
_c22 cm.
490 1 _aPoesía / Huerga y Fierro
504 _aBibliografía: p. 359-360.
830 0 0 _aPoesía (Huerga y Fierro Editores)
_9235818
852 _aES-MaACL
_jA13614
_9191706
_bR.150839
_cDEPO1
_dOlim: N-6614
_hDonación: Soledad Cavero
903 _937182
_aCavero, Soledad,
_d1936-
_ednr
942 _2udc
_cMONOGRAFIA
999 _c184696
_d184696